00551nam a2200181 a 45000010010000000030011000100080041000210350026000620820014000881000020001022450031001222600053001536500026002069420012002329520090002449980020003349990015003540000-8749ELIB.Books110520 1975  a(ELIB.Books)0000-8895 a230 bTor aTorrance, T. F. aTheology in Reconciliation bLondon: Wm B. Eerdmans Publishing Company c1975 aTheology - Systematic 2ddccBK 00102ddc4070aKBTSbKBTSd2011-05-20l0p2136r2022-01-22 00:00:00w2022-01-22yBK cbate2011-05-20 c8749d8749